<?xml version="1.0" encoding="UTF-8"?>
<collection xmlns="http://www.loc.gov/MARC21/slim">
    <record>
        <controlfield tag="001">46649</controlfield>
        <controlfield tag="005">20170831220544.0</controlfield>
        <datafield tag="037" ind1=" " ind2=" ">
            <subfield code="a">GDOC-2011-1750</subfield>
        </datafield>
        <datafield tag="041" ind1=" " ind2=" ">
            <subfield code="a">spa</subfield>
        </datafield>
        <datafield tag="100" ind1=" " ind2=" ">
            <subfield code="0">(orcid)0000-0002-0692-5982</subfield>
            <subfield code="a">Royo Sánchez, Jesús Antonio</subfield>
        </datafield>
        <datafield tag="245" ind1="0" ind2="0">
            <subfield code="9">67114</subfield>
            <subfield code="a">Diseño y modelización de sistemas productivos y logísticos</subfield>
        </datafield>
        <datafield tag="260" ind1=" " ind2=" ">
            <subfield code="a">Zaragoza</subfield>
            <subfield code="b">Universidad de Zaragoza</subfield>
            <subfield code="c">2011-2012</subfield>
        </datafield>
        <datafield tag="520" ind1=" " ind2=" ">
            <subfield code="a">  Introducción al análisis de sistemas y productos. Análisis funcional de subsistemas para procesar flujos: material, energía, información, etc. Diseño de productos y sistemas complejos. Aplicación al análisis y diseño de sistemas productivos complejos. Modelización de los problemas de programación de operaciones. Programación estática y dinámica de operaciones. Resolución de problemas mediante técnicas y algoritmos exactos, heurísticos y metaheurísticos. Aplicación de técnicas multicriterio para la toma de decisiones. Técnicas de simulación y evaluación de sistemas con características o entorno aleatorio. Esta asignatura tiene como objetivo que el estudiante adquiera los conceptos y habilidades necesarias para el diseño y la modelización de sistemas productivos y logísticos. La primera parte de la asignatura XXXX En la segunda parte, se introducirá al alumno en el análisis y diseño de sistemas productivos y logísticos complejos, incluyendo la programación de las operaciones que van a ejecutar, así como las técnicas y algoritmos para su resolución, haciendo especial incidencia en los algoritmos metaheurísticos. Por último se aplicarán técnicas multicriterio para la toma de decisiones y técnicas de simulación para evaluar la influencia de la variabilidad en las soluciones obtenidas.  </subfield>
        </datafield>
        <datafield tag="521" ind1=" " ind2=" ">
            <subfield code="9">642</subfield>
            <subfield code="a">Máster Universitario en Sistemas Mecánicos</subfield>
        </datafield>
        <datafield tag="540" ind1=" " ind2=" ">
            <subfield code="a">by-nc-sa</subfield>
            <subfield code="b">Creative Commons</subfield>
            <subfield code="c">3.0</subfield>
            <subfield code="u">http://creativecommons.org/licenses/by-nc-sa/3.0/</subfield>
        </datafield>
        <datafield tag="700" ind1=" " ind2=" ">
            <subfield code="0">(orcid)0000-0001-8055-9362</subfield>
            <subfield code="a">Oliveros Colay, María José</subfield>
        </datafield>
        <datafield tag="830" ind1=" " ind2=" ">
            <subfield code="9">322</subfield>
        </datafield>
        <datafield tag="856" ind1="4" ind2=" ">
            <subfield code="s">81265</subfield>
            <subfield code="u">http://zaguan.unizar.es/record/46649/files/guia.pdf</subfield>
            <subfield code="y">Guía (idioma español)</subfield>
        </datafield>
        <datafield tag="980" ind1=" " ind2=" ">
            <subfield code="a">GDOC</subfield>
            <subfield code="b">Ingeniería y Arquitectura</subfield>
            <subfield code="c">110</subfield>
        </datafield>
    </record>

    
</collection>